Inteligentný riadiaci systém

Guardado en:
Detalles Bibliográficos
Autor principal: Minár, Martin (Autor)
Otros Autores: Dúbravský, Jozef (Orientador)
Formato: Manuscrito Libro
Lenguaje:eslovaco
Publicado: 2017
Materias:
Acceso en línea:http://is.stuba.sk/zp/portal_zp.pl?podrobnosti=130949
Etiquetas: Agregar Etiqueta
Sin Etiquetas, Sea el primero en etiquetar este registro!

MARC

LEADER 00000ntm a22000003a 4500
001 stuzp60526
003 SK-STU
005 20170626132033.2
007 ta
008 150427s2015----xo-----f-mn---000-0-slo-d
040 |a STU  |b slo 
041 0 |a slo 
044 |a xo 
100 1 |a Minár, Martin  |u 031000  |4 aut  |U FEI Fakulta elektrotechniky a informatiky  |T FEI Ústav robotiky a kybernetiky  |X 47578  |U E011  |Y 356  |7 47578 
242 0 1 |a Intelligent control system  |y eng 
245 1 0 |a Inteligentný riadiaci systém 
260 |c 2017 
300 |a 79 s., príl.,  |b CD-ROM 
650 4 |a riadenie  |2 slo 
650 4 |a regulácia  |2 slo 
650 4 |a identifikácia  |2 slo 
650 4 |a regulation  |2 eng 
650 4 |a identification  |2 eng 
650 4 |a control  |2 eng 
700 1 |a Dúbravský, Jozef  |u 031000  |k Z1  |4 ths  |U FEI Fakulta elektrotechniky a informatiky  |T FEI Ústav robotiky a kybernetiky  |X 4934  |U E011  |Y 356  |7 A000004934 
856 4 |u http://is.stuba.sk/zp/portal_zp.pl?podrobnosti=130949 
996 |b 284EP11584  |c E*DIPL- 11584  |l EE31  |s P  |a 0  |w stuzp60526_0001